Management and leadership for nurse administrators / (Record no. 24710)
[ view plain ]
| 000 -LEADER | |
|---|---|
| fixed length control field | 01985cam a22003135a 4500 |
| 001 - CONTROL NUMBER | |
| control field | ssj0001553219 |
| 003 - CONTROL NUMBER IDENTIFIER | |
| control field | OSt |
| 005 - DATE AND TIME OF LATEST TRANSACTION | |
| control field | 20170426121254.0 |
| 008 - FIXED-LENGTH DATA ELEMENTS--GENERAL INFORMATION | |
| fixed length control field | 150311t2016 maua frb 001 0 eng d |
| 020 ## - INTERNATIONAL STANDARD BOOK NUMBER | |
| International Standard Book Number | 9781284067620 |
| 040 ## - CATALOGING SOURCE | |
| Original cataloging agency | DNLM/DLC |
| Transcribing agency | DLC |
| Modifying agency | DLC |
| -- | WaSeSS |
| -- | EG-ScBUE |
| Language of cataloging | eng |
| 043 ## - GEOGRAPHIC AREA CODE | |
| Geographic area code | n-us--- |
| 082 04 - DEWEY DECIMAL CLASSIFICATION NUMBER | |
| Edition number | 22 |
| Classification number | 362.173068 |
| Item number | MAN |
| 245 00 - TITLE STATEMENT | |
| Title | Management and leadership for nurse administrators / |
| Statement of responsibility, etc | edited by Linda Roussel, Patricia L. Thomas, James L. Harris. |
| 250 ## - EDITION STATEMENT | |
| Edition statement | 7th ed. |
| 260 ## - PUBLICATION, DISTRIBUTION, ETC. (IMPRINT) | |
| Place of publication, distribution, etc | Burlington : |
| Name of publisher, distributor, etc | Jones & Bartlett Learning, |
| Date of publication, distribution, etc | c.2016. |
| 300 ## - PHYSICAL DESCRIPTION | |
| Extent | xxxvii, 470 p. : |
| Other physical details | ill. ; |
| Dimensions | 28 cm. |
| 504 ## - BIBLIOGRAPHY, ETC. NOTE | |
| Bibliography, etc | Includes bibliographical references and index. |
| 505 0# - FORMATTED CONTENTS NOTE | |
| Formatted contents note | Forces influencing nursing leadership -- Leadership theory and application for nurse leaders -- Professional practice : a prototype linking nursing in interprofessional teams -- Professional development: an imperative for leadership in nursing and healthcare organizations -- Transformational leadership in an era of healthcare reform -- Organizational structure and accountability -- Strategic planning and change leadership : foundations for organizational -- Effectiveness -- Procuring and sustaining resources -- Maximizing human capital -- Managing performance -- Information management and knowledge development as action for leaders -- Laws, regulation, and health policy shaping administrative practice -- Anticipating and managing risk in a culture of quality, safety, and value -- Leaders achieving sustainable outcomes -- Messaging and disseminating excellence in leadership. |
| 650 #7 - SUBJECT ADDED ENTRY--TOPICAL TERM | |
| Topical term or geographic name as entry element | Nursing, Supervisory |
| Source of heading or term | BUEsh |
| 9 (RLIN) | 36319 |
| Geographic subdivision | United States. |
| 650 #7 - SUBJECT ADDED ENTRY--TOPICAL TERM | |
| Topical term or geographic name as entry element | Nurse Administrators |
| Source of heading or term | BUEsh |
| 9 (RLIN) | 36320 |
| Geographic subdivision | United States. |
| 651 ## - SUBJECT ADDED ENTRY--GEOGRAPHIC NAME | |
| Source of heading or term | BUEsh |
| 653 ## - INDEX TERM--UNCONTROLLED | |
| Resource For college | Nursing |
| Arrived date list | April2017 |
| 700 1# - ADDED ENTRY--PERSONAL NAME | |
| Personal name | Roussel, Linda, |
| Relator term | editor. |
| 9 (RLIN) | 36321 |
| 700 1# - ADDED ENTRY--PERSONAL NAME | |
| Personal name | Harris, James L. |
| Fuller form of name | (James Leonard), |
| Dates associated with a name | 1956- |
| Relator term | editor. |
| 700 1# - ADDED ENTRY--PERSONAL NAME | |
| Personal name | Patricia L. Thomas, |
| Relator term | editor. |
| 700 1# - ADDED ENTRY--PERSONAL NAME | |
| Personal name | Thomas, Patricia L., |
| Dates associated with a name | 1961- |
| Relator term | editor. |
| 942 ## - ADDED ENTRY ELEMENTS (KOHA) | |
| Source of classification or shelving scheme | Dewey Decimal Classification |
| Withdrawn status | Item status | Source of classification or shelving scheme | Damaged status | Not for loan | Vendor | Home library | Current library | Shelving location | Date acquired | Source of acquisition | Cost, normal purchase price | Serial Enumeration / chronology | Total Checkouts | Total Renewals | Full call number | Barcode | Date last seen | Date last borrowed | Cost, replacement price | Koha item type |
|---|---|---|---|---|---|---|---|---|---|---|---|---|---|---|---|---|---|---|---|---|
| Dewey Decimal Classification | ايمك | Central Library | Central Library | First floor | 26/04/2017 | Purchase | 1204.00 | 3673 | 9 | 23 | 362.173068 MAN | 000041704 | 15/07/2025 | 27/02/2024 | 1505.00 | Book - Borrowing |